[Event "Ch Switzerland (team) 2004"]
[Site "Switzerland"]
[Date "2004.03.21"]
[Round "2"]
[White "Gruenenwald Joerg (SUI)"]
[Black "Wueest Andrin (SUI)"]
[Result "1/2-1/2"]
[WhiteElo "2352"]
[BlackElo "2248"]

1.d4 Nf6 2.c4 Nc6 3.Nf3 e6 4.a3 d6 5.b4 e5 6.dxe5 Nxe5 7.Nxe5 dxe5 8.Qxd8+
Kxd8 9.Bb2 a5 10.b5 Be6 11.Nd2 Nd7 12.g3 c6 13.Bg2 Kc7 14.O-O f6 15.Rfc1 Nc5
16.a4 Be7 17.Ba3 {#d} 1/2-1/2

[Event "Ch Mittelfranken (QT)"]
[Site "Lauf (Germany)"]
[Date "2004.04.08"]
[Round "3"]
[White "Lenz Harald (GER)"]
[Black "Vogiatzis Joannis (GRE)"]
[Result "1/2-1/2"]
[WhiteElo "1901"]
[BlackElo "2038"]

1.d4 Nf6 2.c4 c6 3.Nc3 g6 4.Bg5 Bg7 5.Nf3 Qa5 6.Qd2 h6 7.Bf4 d6 8.e3 Nh5 9.Bg3
a6 10.a3 Nxg3 11.hxg3 Qc7 12.Bd3 Nd7 13.b4 Nf6 14.Rc1 Bg4 15.d5 c5 16.b5 a5
17.Rb1 b6 18.Bc2 O-O-O 19.Nh2 Bd7 {#d} 1/2-1/2

[Event "It (open)"]
[Site "Brno (Czech Republic)"]
[Date "2004.07.03"]
[Round "1"]
[White "Mihailovs Jurijs (LAT)"]
[Black "Dirgas Josef (CZE)"]
[Result "1-0"]
[WhiteElo "2212"]
[BlackElo "2071"]

1.d4 Nf6 2.c4 b6 3.Nc3 Bb7 4.d5 e5 5.Nf3 d6 6.g3 a5 7.Bh3 Be7 8.Bf5 O-O 9.h4
Bc8 10.Bc2 Nbd7 11.Be3 Ng4 12.Ng5 Nxe3 13.Bxh7+ Kh8 14.fxe3 Bxg5 15.hxg5 Qxg5
16.Qd3 Nf6 17.Ne4 Nxe4 18.Bxe4+ Kg8 {#r} 1-0

[Event "Cup North Urals (w)"]
[Site "Krasnoturinsk (Russia)"]
[Date "2004.07.26"]
[Round "3"]
[White "Zhukova Natalia (UKR)"]
[Black "Stefanova Antoaneta (BUL)"]
[Result "1/2-1/2"]
[WhiteElo "2481"]
[BlackElo "2523"]

1.c4 Nf6 2.d4 c6 3.Bf4 Qb6 4.Qd2 Ne4 5.Qc2 d6 6.f3 Nf6 7.Qd2 e5 8.Be3 Qa6
9.Na3 Be6 10.Rc1 Nbd7 11.Bf2 Qa4 12.d5 cxd5 13.cxd5 Bxd5 14.e4 Bc6 15.Rc4 Qa6
16.Rc5 Qa4 17.Rc4 Qa6 18.Rc5 Qa4 19.Rc4 {#d} 1/2-1/2

[Event "It (open)"]
[Site "Figueres (Spain)"]
[Date "2004.08.14"]
[Round "8"]
[White "Vila Camps Carles (ESP)"]
[Black "Colls Bosch Emili (ESP)"]
[Result "0-1"]
[WhiteElo "1782"]
[BlackElo "1954"]

1.d4 Nf6 2.c4 b6 3.Nf3 Bb7 4.Bg5 Ne4 5.Nbd2 Nxg5 6.Nxg5 e5 7.Ngf3 exd4 8.Nxd4
Bc5 9.e3 O-O 10.Qg4 Qf6 11.N2f3 Bb4+ 12.Nd2 c5 13.a3 Bxd2+ 14.Kxd2 cxd4
15.exd4 Qxf2+ 16.Be2 Nc6 17.Kd3 Rae8 18.Qf3 {#R} 0-1

[Event "Ch Slovenia (team) (w)"]
[Site "Bled (Slovenia)"]
[Date "2004.11.27"]
[Round "8"]
[White "Marusic Nada (SLO)"]
[Black "Pongrac Alojzija (SLO)"]
[Result "1/2-1/2"]
[WhiteElo "1986"]
[BlackElo "1829"]

1.d4 Nf6 2.c4 b6 3.Nc3 Bb7 4.f3 e6 5.e4 d6 6.Bg5 Be7 7.Qd2 Nfd7 8.Be3 a5 9.Bd3
h6 10.Nge2 Nc6 11.a3 Na7 12.O-O e5 13.d5 O-O 14.f4 exf4 15.Nxf4 Bg5 16.Nfe2
Bc8 17.Bxg5 Qxg5 18.Qxg5 hxg5 19.Ng3 {#d} 1/2-1/2

[Event "Ch Romania (knockout system)"]
[Site "Brasov (Romania)"]
[Date "2004.11.27"]
[Round "4"]
[White "Danilov Ilie Vladimir (ROM)"]
[Black "Berescu Alin (ROM)"]
[Result "1/2-1/2"]
[WhiteElo "2348"]
[BlackElo "2424"]

1.d4 Nf6 2.c4 Nc6 3.Nf3 e6 4.Nc3 Bb4 5.Bg5 h6 6.Bh4 g5 7.Bg3 Ne4 8.Rc1 d5 9.e3
h5 10.h3 Nxg3 11.fxg3 Bd6 12.Kf2 h4 13.g4 Bg3+ {#d} 1/2-1/2

[Event "It (open)"]
[Site "Bosnjaci (Croatia)"]
[Date "2005.01.07"]
[Round "7"]
[White "Zivanic Marko (SRB)"]
[Black "Polajzer Danilo (SLO)"]
[Result "1-0"]
[WhiteElo "2454"]
[BlackElo "2372"]

1.d4 Nf6 2.c4 b6 3.Nc3 Bb7 4.f3 d5 5.cxd5 Nxd5 6.e4 Nxc3 7.bxc3 e5 8.Rb1 exd4
9.cxd4 Bd6 10.Be3 O-O 11.Bd3 Qe7 12.Ne2 c5 13.O-O Rd8 14.Qd2 cxd4 15.Nxd4 Bc5
16.Nf5 Qf8 17.Bxc5 Qxc5+ 18.Kh1 Ba6 19.Qg5 {#r} 1-0

[Event "Ch Greece (juniors) (under 16)"]
[Site "Ermioni (Greece)"]
[Round "9"]
[White "Kourousis Epaminondas (GRE)"]
[Black "Bozinakis Pavlos (GRE)"]
[Result "1/2-1/2"]
[WhiteElo "2113"]
[BlackElo "2088"]

1.d4 Nf6 2.c4 Nc6 3.Nf3 e6 4.g3 d5 5.Qc2 Nb4 6.Qb3 dxc4 7.Qxc4 Qd5 8.Qxd5 exd5
9.Na3 c6 10.Bg2 h6 11.O-O Bf5 12.Bf4 Be7 13.Rfc1 O-O 14.Ne1 Rfe8 {#d} 1/2-1/2

[Event "It (open)"]
[Site "Prague (Czech Republic)"]
[Date "2006.01.16"]
[Round "4"]
[White "Jirka Jiri (CZE)"]
[Black "Cafolla Peter (IRL)"]
[Result "1-0"]
[WhiteElo "2345"]
[BlackElo "2066"]

1.d4 Nf6 2.c4 b6 3.Nc3 Bb7 4.d5 g6 5.e4 d6 6.Bd3 Bg7 7.f4 e6 8.Nf3 c5 9.e5
dxe5 10.fxe5 Ng4 11.Bg5 f6 12.exf6 Bxf6 13.Qe2 Bxg5 14.Qxe6+ Be7 15.Bxg6+ hxg6
16.Qxg6+ Kf8 17.O-O Nf6 18.Ng5 {#r} 1-0

[Event "It (open)"]
[Site "Champs-marne (France)"]
[Date "2006.02.19"]
[Round "5"]
[White "Maymat Philippe (FRA)"]
[Black "Mundell Peter (FRA)"]
[Result "0-1"]
[WhiteElo "1657"]
[BlackElo "2012"]

1.d4 Nf6 2.c4 Nc6 3.d5 Ne5 4.Qc2 e6 5.e4 exd5 6.cxd5 Bb4+ 7.Nc3 O-O 8.Bd2 Re8
9.Nf3 Ng6 10.Bd3 Nxd5 11.O-O Ndf4 12.Bc4 Bxc3 13.bxc3 d6 14.Bxf4 Nxf4 15.Rad1
Bg4 16.Qd2 Qf6 17.Rde1 Bxf3 18.gxf3 Qg5+ 19.Kh1 {#R} 0-1

[Event "Tournament (team) (juniors)"]
[Site "Evpatoria (Ukraine)"]
[Date "2006.05.07"]
[Round "5"]
[White "Kononenko Dmitry (UKR)"]
[Black "Gubanov Oleg (UKR)"]
[Result "1/2-1/2"]
[WhiteElo "2246"]
[BlackElo "2408"]

1.d4 Nf6 2.c4 Nc6 3.Nf3 e6 4.a3 d6 5.Nc3 Be7 6.g3 O-O 7.Bg2 e5 8.O-O h6 9.d5
Nb8 10.e4 a5 11.Ne1 Na6 12.b4 c6 13.Nd3 cxd5 14.cxd5 Bd7 15.b5 Rc8 16.Qb3 Qc7
17.Na4 Nb8 18.Be3 Qc4 19.Rab1 {#d} 1/2-1/2

[Event "Ch Wuerttemberg"]
[Site "Balingen (Germany)"]
[Date "2006.08.26"]
[Round "1"]
[White "Strunski Andreas (GER)"]
[Black "Holzhaeuer Mathias (GER)"]
[Result "1/2-1/2"]
[WhiteElo "2181"]
[BlackElo "2345"]

1.d4 Nf6 2.c4 Nc6 3.Nc3 e5 4.d5 Ne7 5.e4 Ng6 6.Nge2 Bc5 7.Ng3 d6 8.Be2 Nf4
9.O-O Nxe2+ 10.Qxe2 Ng4 11.h3 Qh4 12.Qf3 Nh6 13.Nh5 O-O 14.Bxh6 gxh6 15.Nf6+
Kg7 16.Nh5+ Kh8 17.Nf6 Kg7 18.Nh5+ Kh8 {#d} 1/2-1/2

[Event "It (open)"]
[Site "Barcelona (Spain)"]
[Date "2006.09.03"]
[Round "10"]
[White "Gonzalez Garcia Jose (MEX)"]
[Black "Gofshtein Zvulon (ISR)"]
[Result "1/2-1/2"]
[WhiteElo "2503"]
[BlackElo "2509"]

1.d4 Nf6 2.c4 c6 3.Nf3 b5 4.Nbd2 bxc4 5.Nxc4 Ba6 6.Qc2 g6 7.g3 Bg7 8.Bg2 O-O
9.O-O d6 10.b3 Nbd7 11.Bb2 Rc8 12.Rfd1 {#d} 1/2-1/2

[Event "Ch Europe (juniors) (under 14)"]
[Site "Herceg Novi (Montenegro)"]
[Date "2006.09.18"]
[Round "8"]
[White "Lovik Lasse Ostebo (NOR)"]
[Black "Mocanu Sergiu (MDA)"]
[Result "0-1"]
[WhiteElo "2025"]
[BlackElo "1957"]

1.d4 Nf6 2.c4 b6 3.Nc3 Bb7 4.f3 e6 5.e4 d5 6.Bg5 dxe4 7.fxe4 Be7 8.Bxf6 Bxf6
9.Nf3 Nc6 10.e5 Bh4+ 11.Ke2 O-O 12.Qd2 Be7 13.Qe3 f6 14.g3 fxe5 15.Bh3 Rxf3
{#R} 0-1

[Event "Ch Slovakia (team) 2006/07 (2 liga) (a)"]
[Site "Slovakia"]
[Date "2006.10.15"]
[Round "2"]
[White "Turna Dusan (SVK)"]
[Black "Milovnik Juraj (SVK)"]
[Result "1/2-1/2"]
[WhiteElo "2147"]
[BlackElo "2102"]

1.d4 Nf6 2.c4 b6 3.g3 Bb7 4.Bg2 Ne4 5.Qc2 Nc3 6.Qxc3 Be4 7.b3 c6 8.Bb2 d5
9.cxd5 cxd5 10.Qd2 Qc8 11.Qc2 Qc6 12.Qxc6+ {#d} 1/2-1/2

[Event "Landesliga (2nd) East 2006/07"]
[Site "Mecklenburg-Vorpommern (Germany)"]
[Date "2006.12.10"]
[Round "4"]
[White "Herde Dittmar (GER)"]
[Black "Dettmann Holger (GER)"]
[Result "1/2-1/2"]
[WhiteElo "2000"]
[BlackElo "2006"]

1.d4 Nf6 2.c4 b6 3.Nc3 Bb7 4.Bf4 e6 5.a3 Be7 6.e3 O-O 7.Nf3 d5 8.cxd5 Nxd5
9.Nxd5 Bxd5 10.Bb5 c5 11.O-O {#d} 1/2-1/2

[Event "It (open)"]
[Site "Selestat (France)"]
[Round "3"]
[White "Barsov Alexei (UZB)"]
[Black "Mancini Mario (FRA)"]
[Result "1/2-1/2"]
[WhiteElo "2526"]
[BlackElo "2221"]

1.d4 Nf6 2.c4 Nc6 3.Nf3 e6 4.a3 d5 5.cxd5 exd5 6.Bg5 Be7 7.e3 Ne4 8.Bxe7 Nxe7
9.Nbd2 O-O 10.Nxe4 dxe4 11.Nd2 f5 12.Bc4+ Kh8 13.O-O Bd7 14.f3 exf3 15.Rxf3
Bc6 16.Rh3 Nd5 17.Rc1 h6 18.Nf1 {#d} 1/2-1/2

[Event "It (open)"]
[Site "La Laguna (Spain)"]
[Date "2007.03.09"]
[Round "6"]
[White "Mendoza Lucas (ESP)"]
[Black "Heimberger Reinhard (AUT)"]
[Result "1-0"]
[WhiteElo "2219"]
[BlackElo "2257"]

1.d4 Nf6 2.c4 b6 3.Nc3 Bb7 4.Qc2 Nc6 5.Nf3 e6 6.e4 d5 7.cxd5 exd5 8.e5 Nb4
9.Qa4+ Bc6 10.Bb5 Bxb5 11.Qxb5+ c6 12.Qe2 Ne4 13.a3 {#r} 1-0

[Event "Memorial Sinitsyn"]
[Site "Dnepropetrovsk (Ukraine)"]
[Round "6"]
[White "Kravchenko Oles (UKR)"]
[Black "Kovalenko Oleg (UKR)"]
[Result "1/2-1/2"]
[WhiteElo "2209"]
[BlackElo "2137"]

1.d4 Nf6 2.c4 Nc6 3.Nf3 e6 4.a3 g6 5.Nc3 Bg7 6.e4 d6 7.h3 O-O 8.Be3 Re8 9.Bd3
Nd7 10.Be2 e5 11.d5 {#d} 1/2-1/2

[Event "It (open)"]
[Site "La Fere (France)"]
[Date "2007.07.11"]
[Round "6"]
[White "Bedu Jean-Pierre"]
[Black "Lonnoy Remi (FRA)"]
[Result "0-1"]
[WhiteElo "1510"]
[BlackElo "1961"]

1.d4 Nf6 2.c4 Nc6 3.Nc3 e5 4.d5 Ne7 5.e4 Ng6 6.a3 Bc5 7.f3 d6 8.g3 a6 9.Qe2
Bd4 10.Be3 Bxc3+ 11.bxc3 c5 12.Bh3 O-O 13.Qb2 Nh5 14.Bxc8 Qxc8 15.g4 Nhf4
16.Ne2 Nd3+ {#R} 0-1

[Event "Ch Poland (team) (extraliga)"]
[Site "Ustron (Poland)"]
[Date "2007.09.08"]
[Round "8"]
[White "Kozak Magdalena (POL)"]
[Black "Andrzejewska Edyta (POL)"]
[Result "1/2-1/2"]
[WhiteElo "2179"]
[BlackElo "2214"]

1.d4 Nf6 2.c4 Nc6 3.Nc3 e5 4.d5 Ne7 5.e4 d6 6.Bd3 g6 7.h3 Bg7 8.Be3 O-O 9.Qd2
Ne8 10.Bh6 f5 11.Bxg7 {#d} 1/2-1/2

[Event "It \"]
[Site "Alushta (Ukraine)"]
[Round "11"]
[White "Tishin D (UKR)"]
[Black "Kononenko Dmitry (UKR)"]
[Result "1/2-1/2"]
[WhiteElo "2296"]
[BlackElo "2199"]

1.d4 Nf6 2.c4 Nc6 3.Nf3 e6 4.Nc3 Bb4 5.e3 O-O 6.Bd3 d6 7.O-O Bxc3 8.bxc3 e5
9.Nd2 Re8 10.f3 Ne7 11.Qc2 c5 12.Nb3 {#d} 1/2-1/2

[Event "Memorial J.Capablanca"]
[Site "Fortaleza (Brazil)"]
[Date "2007.11.25"]
[Round "6"]
[White "Asfora Marco (BRA)"]
[Black "Xavier Nazareno (BRA)"]
[Result "1-0"]
[WhiteElo "2228"]
[BlackElo "2122"]

1.d4 Nf6 2.c4 Nc6 3.Nc3 e5 4.d5 Ne7 5.e4 Ng6 6.Bd3 Bb4 7.Ne2 O-O 8.a3 Bxc3+
9.Nxc3 d6 10.h4 a5 11.h5 Bg4 12.f3 Nxh5 13.fxg4 Nhf4 14.g3 Nxd3+ 15.Qxd3 Qd7
16.Qe2 Rfc8 17.Be3 a4 18.O-O b6 19.Qf3 {#r} 1-0

[Event "Ch City (seniors)"]
[Site "Voronezh (Russia)"]
[Date "2007.11.27"]
[Round "8"]
[White "Pozhidaev Eduard (RUS)"]
[Black "Larichev Stanislav (RUS)"]
[Result "1-0"]
[WhiteElo "2113"]
[BlackElo "2104"]

1.d4 Nf6 2.c4 b6 3.Nc3 Bb7 4.Nf3 d6 5.Qc2 g6 6.Bg5 Nbd7 7.e4 e5 8.d5 Bg7 9.Be2
h6 10.Bd2 O-O 11.O-O g5 12.h3 Re8 13.Nb5 Qe7 14.a3 Nf8 15.a4 Ng6 16.g3 g4
17.hxg4 {#r} 1-0

[Event "It \"]
[Site "Buchen (Germany)"]
[Date "2007.12.29"]
[Round "5"]
[White "Donchenko Anatoly G (GER)"]
[Black "Chernov Vadim (ROM)"]
[Result "1/2-1/2"]
[WhiteElo "2355"]
[BlackElo "2504"]

1.d4 Nf6 2.c4 Nc6 3.Nf3 e6 4.e3 Bb4+ 5.Nbd2 d6 6.Be2 e5 7.d5 Bxd2+ 8.Nxd2 Nb8
9.Qc2 Nbd7 10.Rb1 a5 11.b3 O-O {#d} 1/2-1/2

[Event "Ch Mittelfranken (team) (B2b) 2007/08"]
[Site "Germany"]
[Date "2008.01.13"]
[Round "4"]
[White "Faust Bernhard"]
[Black "Cesinger Sascha"]
[Result "1/2-1/2"]
[WhiteElo "1609"]
[BlackElo "1736"]

1.d4 Nf6 2.c4 b6 3.Nc3 Bb7 4.Bg5 e6 5.e4 Be7 6.Bd3 O-O 7.Nge2 d6 8.O-O e5 9.d5
Nxd5 10.exd5 Bxg5 11.f4 exf4 12.Nxf4 Nd7 13.Qh5 {#d} 1/2-1/2

[Event "Czech League 2007/08 (1st) East"]
[Site "Czech Republic"]
[Date "2008.02.10"]
[Round "7"]
[White "Gross Stefan (CZE)"]
[Black "Holemar David (CZE)"]
[Result "1/2-1/2"]
[WhiteElo "2195"]
[BlackElo "2326"]

1.d4 Nf6 2.c4 Nc6 3.Nf3 e6 4.a3 d5 5.Qc2 dxc4 6.Qxc4 Bd6 7.Nc3 a6 8.e4 e5 9.d5
Ne7 10.g3 O-O 11.Bg2 {#d} 1/2-1/2

[Event "Ch Europe (seniors) (team)"]
[Site "Dresden (Germany)"]
[Date "2008.02.15"]
[Round "5"]
[White "Swoboda Peter (GER)"]
[Black "Barlocco Carlo (ITA)"]
[Result "0-1"]
[WhiteElo "2021"]
[BlackElo "2144"]

1.d4 Nf6 2.c4 Nc6 3.Nc3 e5 4.d5 Ne7 5.e4 Ng6 6.a3 Bc5 7.b4 Bd4 8.Nge2 Nxe4
9.Nxd4 Nxc3 10.Qd3 exd4 11.Qxd4 Qe7+ 12.Be3 Ne4 13.Qxg7 Nf6 14.Be2 h6 15.Bd4
Nh5 {#R} 0-1

[Event "Bayern Regionalliga Southeast 2007/08"]
[Site "Bayern (Germany)"]
[Date "2008.03.09"]
[Round "7"]
[White "Straub Juergen (GER)"]
[Black "Schaefer Matthias (GER)"]
[Result "1-0"]
[WhiteElo "2235"]
[BlackElo "2243"]

1.d4 Nf6 2.c4 b6 3.Nc3 Bb7 4.f3 d5 5.cxd5 Nxd5 6.e4 Nxc3 7.bxc3 e5 8.Qa4+ Bc6
9.Bb5 Bxb5 10.Qxb5+ Nd7 11.Be3 Qh4+ 12.g3 Qf6 13.Rd1 a6 14.Qxd7+ Kxd7 15.dxe5+
{#r} 1-0

[Event "Ch Croatia (team) (2nd league)"]
[Site "Umag (Croatia)"]
[Date "2008.04.06"]
[Round "2"]
[White "Tomljanovic Goran (CRO)"]
[Black "Vretenar Denis (CRO)"]
[Result "1/2-1/2"]
[WhiteElo "2104"]
[BlackElo "2110"]

1.d4 Nf6 2.c4 b6 3.Nc3 Bb7 4.Bg5 d6 5.Qc2 g6 6.e4 Bg7 7.Bd3 O-O 8.Nge2 e5 9.d5
Nbd7 10.O-O h6 11.Bh4 a6 12.b4 g5 {#d} 1/2-1/2

[Event "Ch Croatia (team) (2nd league)"]
[Site "Rijeka (Croatia)"]
[Date "2008.04.26"]
[Round "4"]
[White "Ravnjak Bozo (CRO)"]
[Black "Belamaric Goran (SLO)"]
[Result "0-1"]
[WhiteElo "2070"]
[BlackElo "2207"]

1.d4 Nf6 2.c4 Nc6 3.Nc3 e5 4.Nf3 exd4 5.Nxd4 Bb4 6.Qd3 O-O 7.Nxc6 dxc6 8.Qxd8
Rxd8 9.Bd2 Be6 10.e3 Rd7 11.f3 Rad8 12.Rd1 Bxc3 13.bxc3 Ne8 14.Be2 Nd6 {#R}
0-1

[Event "Ch Germany (juniors) (Internet) (under 14) (qual4)"]
[Site "Internet"]
[Date "2008.06.11"]
[Round "4"]
[White "Wendland Tobias (GER)"]
[Black "Stanau Guido"]
[Result "1/2-1/2"]
[WhiteElo "1621"]
[BlackElo "1587"]

1.d4 Nf6 2.c4 Nc6 3.Nc3 e5 4.d5 Ne7 5.e4 Ng6 6.Nf3 Bc5 7.Bg5 h6 8.Bd2 a5 9.a3
d6 10.Bd3 O-O 11.O-O Bg4 12.Be2 Nh7 13.h3 Bd7 14.Qc2 f5 15.Bd3 f4 16.Nh2 Nh4
17.Kh1 Qg5 18.g3 {#d} 1/2-1/2

[Event "It (cat.7)"]
[Site "Budapest (Hungary)"]
[Date "2008.06.12"]
[Round "6"]
[White "Czebe Attila (HUN)"]
[Black "Duong The Anh (VIE)"]
[Result "1/2-1/2"]
[WhiteElo "2468"]
[BlackElo "2420"]

1.c4 Nf6 2.d4 c6 3.Bf4 d5 4.e3 g6 5.cxd5 Qa5+ 6.Qd2 Qxd2+ 7.Nxd2 Nxd5 8.Be5
Nf6 9.f3 Bh6 10.Kf2 Nbd7 11.Bg3 Nb6 12.Nc4 {#d} 1/2-1/2

[Event "Ch Netherlands (open)"]
[Site "Dieren (Netherlands)"]
[Date "2008.07.29"]
[Round "7"]
[White "Beeke Bobby (NED)"]
[Black "Haast Mark (NED)"]
[Result "1/2-1/2"]
[WhiteElo "2173"]
[BlackElo "2114"]

1.d4 Nf6 2.c4 b6 3.Nc3 Bb7 4.Bg5 e6 5.f3 h6 6.Bh4 Be7 7.e3 c5 8.Bd3 O-O 9.Nge2
d5 10.Rc1 cxd4 11.exd4 Nc6 12.cxd5 Nxd5 13.Bxe7 Ndxe7 {#d} 1/2-1/2

[Event "Bundesliga (2nd) 2008/09 (w)"]
[Site "Germany"]
[Date "2008.11.08"]
[Round "1"]
[White "Niesch Franziska (GER)"]
[Black "Kosovskaya Elena (UKR)"]
[Result "1-0"]
[WhiteElo "1905"]
[BlackElo "1954"]

1.d4 Nf6 2.c4 Nc6 3.Nc3 e5 4.d5 Ne7 5.Qa4 c6 6.d6 Nf5 7.c5 b5 8.Qd1 b4 9.Na4
Ba6 10.b3 Ne4 11.Nf3 Nxf2 12.Kxf2 e4 13.Qc2 exf3 14.Qxf5 Qh4+ 15.Kxf3 O-O-O
16.Bg5 Qd4 17.e3 {#r} 1-0

[Event "Ch Central Serbia"]
[Site "Vrnjacka Banja (Serbia)"]
[Date "2008.11.09"]
[Round "2"]
[White "Stanojevic Branko (SRB)"]
[Black "Tosic Miroslav (SRB)"]
[Result "1/2-1/2"]
[WhiteElo "2275"]
[BlackElo "2445"]

1.c4 b6 2.d4 Nf6 3.Nc3 Bb7 4.f3 d5 5.cxd5 Nxd5 6.e4 Nxc3 7.bxc3 e6 8.Bb5+ Nd7
9.Ne2 a6 10.Bd3 c5 11.O-O Qc7 12.a4 Rd8 13.Bg5 f6 14.Be3 c4 15.Bc2 Bd6 16.f4
{#d} 1/2-1/2

[Event "Memorial P.Dubinin (open)"]
[Site "Nizhnij Novgorod (Russia)"]
[Date "2009.01.10"]
[Round "0"]
[White "Yumatov Robert (RUS)"]
[Black "Kruchinin Anatoly V (RUS)"]
[Result "0-1"]
[WhiteElo "1847"]
[BlackElo "1799"]

1.d4 Nf6 2.c4 b6 3.Nc3 c5 4.d5 Bb7 5.e4 d6 6.f4 Nbd7 7.Bd3 a6 8.Nf3 e5 9.dxe6
fxe6 10.O-O Be7 11.Ng5 Nf8 12.Bc2 h6 13.Nf3 Qc7 14.e5 N6d7 15.exd6 Bxd6 16.g3
O-O-O 17.Qe2 h5 18.Ne4 {#R} 0-1

[Event "Czech League 2008/09 (krajsky prebor)"]
[Site "Czech Republic"]
[Date "2009.03.15"]
[Round "10"]
[White "Mikulec Jiri (CZE)"]
[Black "Maroszyk Wieslaw (CZE)"]
[Result "1/2-1/2"]
[WhiteElo "2089"]
[BlackElo "2009"]

1.d4 Nf6 2.c4 Nc6 3.Nf3 e6 4.Nbd2 Bb4 5.e3 d5 6.a3 Be7 7.cxd5 exd5 8.Bb5 Qd6
9.O-O a6 10.Ba4 O-O 11.Qc2 Nd8 12.Re1 Ne6 {#d} 1/2-1/2

[Event "Ch Bayern (seniors) (open)"]
[Site "Bergen (Germany)"]
[Date "2009.06.28"]
[Round "9"]
[White "Schmidt Gerhard (GER)"]
[Black "Eichinger Guenther (GER)"]
[Result "1/2-1/2"]
[WhiteElo "2078"]
[BlackElo "2081"]

1.d4 Nf6 2.c4 Nc6 3.Nf3 e6 4.Nc3 Bb4 5.e3 O-O 6.Bd3 Bxc3+ 7.bxc3 d6 8.O-O e5
9.Nd2 Re8 10.Qc2 h6 11.d5 Nb8 12.f4 Na6 13.fxe5 Rxe5 14.Nf3 Re8 15.e4 Nc5
16.Re1 Ng4 17.Bf4 f6 18.Nd4 Re7 {#d} 1/2-1/2

[Event "It (open)"]
[Site "Vienna (Austria)"]
[Date "2009.08.18"]
[Round "4"]
[White "Kalmykova Anastasia (RUS)"]
[Black "Faerman Igal"]
[Result "0-1"]
[WhiteElo "2127"]
[BlackElo "2249"]

1.d4 Nf6 2.c4 Nc6 3.Nc3 e6 4.d5 Ne7 5.e4 Ng6 6.Be3 Bb4 7.Bd3 O-O 8.Ne2 Ng4
9.Bd2 Bxc3 10.Bxc3 d6 11.O-O {#R} 0-1

[Event "Czech League 2009/10 (1st) (juniors)"]
[Site "Czech Republic"]
[Date "2009.10.04"]
[Round "4"]
[White "Vlckova Katerina"]
[Black "Lutfalibayov Kamil"]
[Result "1-0"]
[WhiteElo "1616"]
[BlackElo "1250"]

1.d4 Nc6 2.c4 Nf6 3.Nc3 e5 4.d5 Nd4 5.Nf3 c6 6.Nxe5 cxd5 7.Qxd4 d6 8.Nf3 g6
9.Bg5 Bg7 10.Nxd5 O-O 11.Nxf6+ Kh8 12.Qh4 Bxf6 13.Bxf6+ Qxf6 14.Qxf6+ Kg8
15.h4 h5 16.e3 Bf5 17.Ng5 a5 18.g4 hxg4 19.h5 {#r} 1-0

[Event "Ch NRW"]
[Site "Moenchengladbach (Germany)"]
[Date "2009.10.13"]
[Round "4"]
[White "Krassowizkij Jaroslaw (GER)"]
[Black "Heimsoth Holger (GER)"]
[Result "1-0"]
[WhiteElo "2162"]
[BlackElo "2159"]

1.d4 Nf6 2.c4 Nc6 3.d5 Ne5 4.e4 e6 5.Nf3 Nxf3+ 6.Qxf3 exd5 7.cxd5 Bb4+ 8.Bd2
Qe7 9.Bxb4 Qxb4+ 10.Nc3 Qxb2 11.Rb1 Qc2 12.Bc4 {#r} 1-0

[Event "It (open) \"]
[Site "Belgrade (Serbia)"]
[Date "2009.11.28"]
[Round "5"]
[White "Blagojevic Dragisa (MNE)"]
[Black "Andonov Bogomil (BUL)"]
[Result "1/2-1/2"]
[WhiteElo "2545"]
[BlackElo "2311"]

1.d4 Nf6 2.c4 c6 3.Nc3 g6 4.d5 Bg7 5.g3 O-O 6.Bg2 a6 7.Nf3 e6 8.O-O exd5
9.cxd5 Nxd5 10.Nxd5 cxd5 11.Qxd5 Nc6 12.Bg5 Qb6 {#d} 1/2-1/2

[Event "Czech League 2009/10 (2nd) (b)"]
[Site "Czech Republic"]
[Date "2009.12.06"]
[Round "4"]
[White "Dolezal Radoslav (CZE)"]
[Black "Thinks Edwards"]
[Result "1/2-1/2"]
[WhiteElo "2396"]
[BlackElo "2393"]

1.d4 Nf6 2.c4 Nc6 3.d5 Ne5 4.e4 e6 5.Qd4 Bb4+ 6.Bd2 Bxd2+ 7.Nxd2 d6 8.f4 c5
9.Qf2 Ng6 10.Bd3 O-O 11.Ne2 b5 12.O-O bxc4 13.Bxc4 exd5 14.exd5 Rb8 15.b3 Bd7
16.Ng3 Ne7 17.Nde4 Nxe4 {#d} 1/2-1/2

[Event "Memorial Maria Teresa Mora (c)"]
[Site "Habana (Cuba)"]
[Date "2010.03.13"]
[Round "9"]
[White "Calveira Leon Jesus"]
[Black "Pelaez Herrera Ariel"]
[Result "0-1"]
[WhiteElo "2043"]
[BlackElo "2020"]

1.d4 Nf6 2.c4 c6 3.d5 e6 4.Nc3 exd5 5.cxd5 d6 6.Nf3 g6 7.Nd2 Nbd7 8.f3 Bg7
9.e4 O-O 10.Be2 a6 11.a4 Re8 12.O-O Ne5 13.Nc4 Nxc4 14.Bxc4 Nd7 15.f4 Nf6
16.Re1 Ng4 17.Qf3 Qh4 18.Qg3 Bd4+ {#R} 0-1